000 00675nam a2200217Ii 4500
003 JO-AjNU
008 230605s9999||||xx |||||||||||||| ||und||
017 _a1978/4046
020 _a977-201-568-4
040 _aJO-AjNU
_bara
_erda
_cJO-AjNU
041 _aara
050 1 4 _aPJ7862 1978
100 3 _aالابياري، فتحي,
_eauthor
_949156
245 0 0 _aكلمة حلوة
264 3 1 _aالقاهرة: الهيئة المصرية العامة للكتاب، 1978
300 _a157ص
336 _atext
_btxt
_2rdacontent
337 _aunmediated
_bn
_2rdamedia
338 _avolume
_bnc
_2rdacarrier
650 4 _aقصص - ادب عربي - عصر حديث
_949157
999 _aA21573
_c25141
_d25141